[Event "Lueneburg distr-ch Meister"]
[Site "Muenster"]
[Date "2019.10.20"]
[Round "7"]
[White "Weidner, Bernhard"]
[Black "Meschke, Oliver"]
[Result "0-1"]
[WhiteElo "1877"]
[BlackElo "1901"]
[PlyCount "102"]
[EventDate "2019.10.17"]
[EventType "swiss"]
[EventRounds "7"]
[EventCountry "GER"]
[SourceTitle "EXT 2023"]
[Source "ChessBase"]
[SourceDate "2022.10.05"]
[SourceVersion "1"]
[SourceVersionDate "2022.10.05"]
[SourceQuality "1"]

1. c4 f5 2. Nf3 Nf6 3. Nc3 g6 4. g3 Bg7 5. Bg2 d6 6. d4 0-0 7. 0-0 Nc6 8. Rb1 e5 9. d5 Ne7 10. b4 h6 11. Qb3 Kh7 12. Rd1 e4 13. Nd4 Ng4 14. f3 exf3 15. exf3 Ne5 16. Nce2 c5 17. bxc5 dxc5 18. Nb5 a6 19. Nbc3 Qd6 20. a4 Rb8 21. a5 Bd7 22. f4 Nf7 23. Qa3 b5 24. axb6 Rxb6 25. Rxb6 Qxb6 26. Be3 Rc8 27. Rb1 Qa7 28. Na4 Bxa4 29. Qxa4 Nd6 30. Bc1 Ng8 31. Bd2 Nf6 32. Bc3 Rc7 33. Be5 Nfe8 34. Nc3 Rb7 35. Rxb7 Qxb7 36. Qc6 Bxe5 37. fxe5 Qxc6 38. dxc6 Nxc4 39. e6 Nc7 40. e7 Nd6 41. Nd5 Nde8 42. Nb6 Kg7 43. Nd7 c4 44. Bf1 c3 45. Bd3 Kf7 46. Nc5 Nd6 47. Kf1 Kxe7 48. Ke1 Ndb5 49. Nb7 Nd4 50. Kd1 Nxc6 51. Kc2 Nb4+ 0-1

[Event "Lueneburg distr-ch Meister"]
[Site "Muenster"]
[Date "2019.10.18"]
[Round "4"]
[White "Weidner, Bernhard"]
[Black "Noack, Reiner"]
[Result "0-1"]
[WhiteElo "1877"]
[BlackElo "2067"]
[PlyCount "88"]
[EventDate "2019.10.17"]
[EventType "swiss"]
[EventRounds "7"]
[EventCountry "GER"]
[SourceTitle "EXT 2023"]
[Source "ChessBase"]
[SourceDate "2022.10.05"]
[SourceVersion "1"]
[SourceVersionDate "2022.10.05"]
[SourceQuality "1"]

1. c4 e5 2. g3 Nf6 3. d3 Bb4+ 4. Nd2 0-0 5. Bg2 Nc6 6. e3 Re8 7. Ne2 d5 8. cxd5 Nxd5 9. a3 Bxd2+ 10. Qxd2 Nb6 11. 0-0 a5 12. b3 Bf5 13. Bxc6 bxc6 14. e4 Be6 15. Bb2 Bh3 16. Rfe1 a4 17. b4 Nc4 18. Qc3 Nxb2 19. Qxb2 Qxd3 20. Qc3 Rad8 21. Qxd3 Rxd3 22. f4 f6 23. Kf2 Red8 24. Ng1 Rd2+ 25. Re2 Bg4 26. Nf3 Bxf3 27. Kxf3 R8d3+ 28. Kf2 exf4 29. gxf4 Kf7 30. Ke1 Rxe2+ 31. Kxe2 Rh3 32. Kd2 Rxh2+ 33. Kd3 Ke7 34. f5 g5 35. fxg6 hxg6 36. Kd4 Rh4 37. Kc5 Rxe4 38. Kxc6 Kd8 39. Rd1+ Kc8 40. Rh1 Re6+ 41. Kb5 f5 42. Kxa4 f4 43. Kb5 Kb7 44. a4 f3 0-1

[Event "Lueneburg distr-ch Meister"]
[Site "Muenster"]
[Date "2019.10.17"]
[Round "1"]
[White "Weidner, Bernhard"]
[Black "Baldauf, Karsten"]
[Result "1-0"]
[WhiteElo "1877"]
[BlackElo "1630"]
[PlyCount "99"]
[EventDate "2019.10.17"]
[EventType "swiss"]
[EventRounds "7"]
[EventCountry "GER"]
[SourceTitle "EXT 2023"]
[Source "ChessBase"]
[SourceDate "2022.10.05"]
[SourceVersion "1"]
[SourceVersionDate "2022.10.05"]
[SourceQuality "1"]

1. c4 c5 2. Nf3 Nc6 3. d4 cxd4 4. Nxd4 g6 5. e4 Bg7 6. Nb3 Nf6 7. Nc3 0-0 8. Be2 d6 9. 0-0 Be6 10. f3 Rc8 11. Nd5 Ne8 12. Rb1 Bxd5 13. exd5 Na5 14. Nd2 b6 15. b3 Nb7 16. Bb2 Nf6 17. Re1 Nc5 18. Bf1 b5 19. cxb5 Nxd5 20. Bxg7 Kxg7 21. Nc4 Nf6 22. Qd4 Qc7 23. Rbc1 Ne6 24. Qf2 Qc5 25. Qxc5 Rxc5 26. Na5 Rfc8 27. Rxc5 Rxc5 28. b4 Rc7 29. a4 Nd5 30. Nc6 Kf6 31. a5 a6 32. Bc4 Nxb4 33. Bxe6 Nxc6 34. b6 fxe6 35. bxc7 Na7 36. Rc1 Nc8 37. Rc6 Kf7 38. Rxa6 Ke8 39. Rc6 Kd7 40. Rc1 Na7 41. f4 Kc8 42. a6 Nb5 43. Kf2 Na7 44. Ke1 Kd7 45. Rc2 Nc8 46. Kd1 h6 47. g4 Na7 48. h4 Nc8 49. Ke2 Na7 50. h5 1-0